|
|
|
|
| LEADER |
00000n m0a2200000 4500 |
| 001 |
317903 |
| 005 |
20231102003025.0 |
| 035 |
|
|
|a (RuTPU)RU\TPU\book\343371
|
| 090 |
|
|
|a 317903
|
| 100 |
|
|
|a 20160415d1976 k y0rusy50 ca
|
| 101 |
0 |
|
|a rus
|
| 102 |
|
|
|a UA
|
| 105 |
|
|
|a a z 001zy
|
| 200 |
1 |
|
|a Прочность деформированных металлов
|f Академия наук Украинской ССР (АН УССР), Физико-механический институт (ФМИ) ; под ред. Г. Г. Максимовича
|
| 210 |
|
|
|a Киев
|c Наукова думка
|d 1976
|
| 215 |
|
|
|a 272 с.
|c ил.
|
| 320 |
|
|
|a Библиогр.: с. 254-270.
|
| 606 |
1 |
|
|a Металлы
|x Прочность
|2 stltpush
|3 (RuTPU)RU\TPU\subj\43177
|9 62733
|
| 610 |
1 |
|
|a структура
|
| 610 |
1 |
|
|a свойства
|
| 610 |
1 |
|
|a стабильность
|
| 610 |
1 |
|
|a исследование
|
| 610 |
1 |
|
|a растяжение
|
| 610 |
1 |
|
|a дисперсность
|
| 610 |
1 |
|
|a высокотемпературные экспозиции
|
| 610 |
1 |
|
|a инверсия
|
| 610 |
1 |
|
|a анализ
|
| 675 |
|
|
|a 669:539.4
|v 3
|
| 702 |
|
1 |
|a Максимович
|b Г. Г.
|4 340
|
| 712 |
0 |
2 |
|a Академия наук Украинской ССР (АН УССР)
|b Физико-механический институт (ФМИ)
|c (Львов)
|2 stltpush
|3 (RuTPU)RU\TPU\col\1181
|
| 801 |
|
1 |
|a RU
|b 63413507
|c 20160415
|
| 801 |
|
2 |
|a RU
|b 63413507
|c 20160418
|g RCR
|
| 942 |
|
|
|c BK
|